000 00600nam a2200241Ia 4500
003 OSt
005 20220912152747.0
006 a|||||r|||| 00| 0
007 ta
008 220909b |||||||| |||| 00| 0 eng d
024 _a35633
037 _cTextual
040 _aCSL
_beng
_cCSL
041 _aeng
082 _aD65, K81
100 _aHibberd R G
245 0 _aSolid state electronics: A basic course for engineers and technicians
260 _c1968
300 _ap.
_ccm.
650 _aElectronics
942 _hD65, K81
_cTEXL
_2CC
999 _c91502
_d91502